City by clue #2 - Statistics

General Stats
  • This quiz has been taken 29 times
  • The average score is 17 of 25
Answer Stats
Questions Answer % Correct
1) Hollywood, celebrities, Dodgers, Rams, Lakers Los Angeles
100%
14) Windy city, Cubs, White Sox, the Bean, Sears Tower Chicago
96%
18) Buckingham Palace, Westminster Abbey, the Royal family,Trafalgar Square London
96%
7) Waikiki beach, Pearl Harbor memorial, Oahu Honolulu
93%
12) Hagia Sophia mosque, Eurasia, Bosphorus strait, Constantinople Istanbul
93%
15) Holiest city in Islam Mecca
93%
9) City home to the world famous Oktoberfest Munich
93%
19) Mother Theresa opened a care center in this east India city Kolkata
89%
21) Space Needle, Starbucks, Mariners, Washington Seattle
89%
23) This city translates to good air or fair winds Buenos Aires
85%
25) Table mountain, Cape of Good Hope, Camps Bay, capital Cape Town
85%
20) Biscayne Bay, Dolphins, Heat, South Florida Miami
85%
24) This Italian city is closest to the ruins of Pompeii and Mt Vesuvius Naples
85%
17) Ancient Chinese city where thousands of terracotta warriorswere uncovered near Emperor Qin Shi Huangs' tomb Xian
78%
5) Largest city in the remote Amazonas state of Brazil Manaus
67%
8) Breweries, ski resorts, Hokkaido, 1972 winter olympics Sapporo
63%
3) Munster province, southern Emerald isle, 3rd largest Cork
59%
6) This far northern Queensland city is the gateway to theGreat Barrier Reef Cairns
56%
11) Popular Greek resort island in the Aegean sea, known for itsblue domes and volcanic beaches Santorini
52%
2) This Chilean port city is known for its colorful houses Valparaiso
48%
10) This alpine city with no car access is the backdropto the Matterhorn in southern Switzerland Zermatt
33%
13) This ancient port city in southern Spain was home to theSpanish Navy and dominated the age of exploration Cadiz
30%
4) Roman ruins and architecture dot this Medieval central Bulgarian city Plovdiv
22%
22) Ceara state, Brazilian, folklore, art scene Fortaleza
19%
16) This Caribbean city is known for its resorts, beaches, and Sangster International Airport Montego Bay
15%
No matching quizzes found
Score Distribution
Percent of People with Each Score
Percentile by Number Answered
Your Score History
You have not taken this quiz